Facteurs de 900 - Statistiques

Statistiques générales
  • Ce quiz a été pris 40 fois
  • Le résultat moyen est 24 sur 27
Statistiques - réponses
Réponse % Correct
9
100%
1
97%
2
97%
20
97%
3
97%
30
97%
4
97%
5
97%
6
97%
90
97%
10
95%
15
95%
12
92%
18
92%
45
92%
50
92%
100
89%
25
89%
300
86%
900
86%
450
81%
60
81%
36
78%
150
76%
75
76%
180
59%
225
59%
Aucun quiz correspondant
Distribution des résultats
% des personnes avec chaque résultat
Percentile par nombre de réponses
Votre historique - résultats
Vous n’avez pas pris ce quiz